Foreign visions and images of Mexico (Record no. 84576)

MARC details
000 -LEADER
campo de control de longitud fija 01760amc a2200481 i 4500
001 - NÚMERO DE CONTROL
campo de control MOR01000084896
003 - IDENTIFICADOR DE NÚMERO DE CONTROL
campo de control $$amxdfmo
005 - FECHA Y HORA DE LA ÚLTIMA TRANSACCIÓN
campo de control 20260331145102.0
007 - CAMPO FIJO DE DESCRIPCIÓN FÍSICA--INFORMACIÓN GENERAL
campo de control de longitud fija cu nui---uuuuu
008 - DATOS DE LONGITUD FIJA--INFORMACIÓN GENERAL
campo de control de longitud fija 070116s1999 miu gr eng d
035 ## - NÚMERO DE CONTROL DEL SISTEMA
Número de control de sistema 070019
040 ## - FUENTE DE CATALOGACIÓN
Centro catalogador/agencia de origen mxcmmo
Lengua de catalogación spa
Normas de descripción rda
Centro/agencia transcriptor mxcmmo
041 0# - CÓDIGO DE IDIOMA
Código de lengua del texto/banda sonora o título independiente eng
043 ## - CÓDIGO DE ÁREA GEOGRÁFICA
Código de área geográfica n-mx----
-- n-us---
082 04 - NÚMERO DE LA CLASIFICACIÓN DECIMAL DEWEY
Número de clasificación 917.2
Número de ítem MOS.f
100 1# - ENTRADA PRINCIPAL--NOMBRE DE PERSONA
Nombre de persona Mostkoff, Aída
Término indicativo de función/relación autor
9 (RLIN) 145414
245 10 - MENCIÓN DEL TÍTULO
Título Foreign visions and images of Mexico
Resto del título : one hundred years of international tourism, 1821-1921/
Mención de responsabilidad, etc. Aída Mostkoff
250 ## - MENCION DE EDICION
Mención de edición Ed. facsím.
264 #1 - PRODUCCIÓN, PUBLICACIÓN, DISTRIBUCIÓN, FABRICACIÓN Y COPYRIGHT
Producción, publicación, distribución, fabricación y copyright Ann Arbor, Michigan :
Nombre del de productor, editor, distribuidor, fabricante UMI, Dissertation Services,
Fecha de producción, publicación, distribución, fabricación o copyright 1999.
300 ## - DESCRIPCIÓN FÍSICA
Extensión 1 disco compacto;
Dimensiones 4 1/2 plg.
336 ## - TIPO DE CONTENIDO
Término de tipo de contenido datos de computadora
Código de tipo de contenido cod
Fuente rdacontent
337 ## - TIPO DE MEDIO
Nombre/término del tipo de medio computadora
Código del tipo de medio c
Fuente rdamedia
338 ## - TIPO DE SOPORTE
Nombre/término del tipo de soporte otro
Código del tipo de soporte cz
Fuente rdacarrier
347 ## - CARACTERÍSTICAS DEL ARCHIVO DIGITAL
Tipo de archivo data file
Fuente rda
500 ## - NOTA GENERAL
Nota general This manuscript has been reproduced from the microfilm master
500 ## - NOTA GENERAL
Nota general UMI Number: 9940499
502 ## - NOTA DE TESIS
Nota de tesis Tesis (doctorado)-- University of California (Los Angeles)
504 ## - NOTA DE BIBLIOGRAFÍA, ETC.
Nota de bibliografía, etc. Nota Bibliografía: páginas [205]-242
534 ## - NOTA SOBRE LA VERSIÓN ORIGINAL
Frase introductoria Facsím. de:
Publicación, distribución, etc. del original University of California : A. Mostkoff, 1999
650 #7 - PUNTO DE ACCESO ADICIONAL DE MATERIA--TÉRMINO DE MATERIA
Término de materia o nombre geográfico como elemento de entrada Características nacionales mexicanas
9 (RLIN) 3394
650 #7 - PUNTO DE ACCESO ADICIONAL DE MATERIA--TÉRMINO DE MATERIA
Término de materia o nombre geográfico como elemento de entrada Turismo
Subdivisión geográfica Mexico
9 (RLIN) 19717
710 2# - ENTRADA AGREGADA--NOMBRE DE ENTIDAD CORPORATIVA
Nombre de entidad corporativa o nombre de jurisdicción como elemento de entrada University of California (Los Angeles)
9 (RLIN) 48860
900 ## - ELEMENTOS DE DATOS A LOCAL, LDA (RLIN)
Nombre de persona BATCH-UPD
Numeración 00
Títulos y otros términos asociados al nombre 20120323
Lenguaje de la obra MOR01
-- 1752
900 ## - ELEMENTOS DE DATOS A LOCAL, LDA (RLIN)
Nombre de persona BATCH-UPD
Numeración 40
Títulos y otros términos asociados al nombre 20120321
Lenguaje de la obra MOR01
-- 1717
900 ## - ELEMENTOS DE DATOS A LOCAL, LDA (RLIN)
Nombre de persona BATCH
Numeración 00
Títulos y otros términos asociados al nombre 20120322
Lenguaje de la obra MOR01
-- 1739
900 ## - ELEMENTOS DE DATOS A LOCAL, LDA (RLIN)
Nombre de persona CATY
Numeración 30
Títulos y otros términos asociados al nombre 20070117
Lenguaje de la obra MOR01
-- 1241
900 ## - ELEMENTOS DE DATOS A LOCAL, LDA (RLIN)
Nombre de persona GERMAN
Numeración 30
Títulos y otros términos asociados al nombre 20061213
Lenguaje de la obra MOR01
-- 1441
900 ## - ELEMENTOS DE DATOS A LOCAL, LDA (RLIN)
Nombre de persona KLAS
Numeración 30
Títulos y otros términos asociados al nombre 20070312
Lenguaje de la obra MOR01
-- 1107
900 ## - ELEMENTOS DE DATOS A LOCAL, LDA (RLIN)
Nombre de persona KLAS
Numeración 30
Títulos y otros términos asociados al nombre 20070312
Lenguaje de la obra MOR01
-- 1108
900 ## - ELEMENTOS DE DATOS A LOCAL, LDA (RLIN)
Nombre de persona VOBO
Numeración 40
Títulos y otros términos asociados al nombre 20081017
Lenguaje de la obra MOR01
-- 1352
904 ## - ELEMENTOS DE DATOS D LOCAL, LDD (RLIN)
a UPDATE
942 ## - ELEMENTOS DE ENTRADA SECUNDARIOS (KOHA)
Código de la institución [OBSOLETO] CF
901 ## - ELEMENTOS DE DATOS A LOCAL LDA (RLIN)
a batch batch
Holdings
Estatus retirado Estado de pérdida Fuente del sistema de clasificación o colocación Estado de daño Restricciones de uso No para préstamo Colección Biblioteca de origen Biblioteca actual Ubicación en estantería Fecha de adquisición Fuente de adquisición Número de inventario Total de préstamos Signatura topográfica completa Código de barras Visto por última vez Precio de reemplazo Tipo de ítem Koha
    Clasificación Decimal Dewey   Restringido   Tesis CD-ROM Biblioteca Instituto Mora Biblioteca Instituto Mora En sala 17/01/2007   110515   (TD)/917.2 MOS.f 33291001174115 03/09/2024 03/09/2024 CD-ROM